000 00687nam a22002537a 4500
001 76271
003 UA-OsUOA
005 20220501193838.0
007 ta
008 20110621b un ||||| |||| 00| 0 ukr d
020 _a978-5-91503-050-2
040 _aUA-OsUOA
_brus
_cUA-OsUOA
_dUA-OsUOA
041 _arus
080 _a94(470+571):2
090 _a94(470+571):2
_bС90
100 _aСурмина И.А.
245 _aСвятые места России
260 _aМ.
_bООО "Дом Славянской книги"
_c2010
300 _a480 с.
650 7 _a94(47+57) Історія Росії
_2UDC
700 _aТиткова Т.В.
942 _cBK
_2udc
955 _a2
999 _c362567
_d362567